Sąsiedzi Rumunii w 1938 roku - Statystyki

Ogólne statystyki
  • Ten quiz został rozwiązany 27 razy
  • Średni wynik to 6 z 6
Odpowiedzi na mapie
Odpowiedzi zakodowano w zielono-czerwonej skali na mapie do tego quizu, zgodnie z poniższymi procentami.
 
Statystyki odpowiedzi
Flaga Państwo % Poprawnych
Bułgaria
100%
Polska
100%
Węgry
100%
Związek Socjalistycznych Republik Radzieckich
96%
Czechosłowacja
92%
Jugosławia
88%
Nie znaleziono quizów pasujących do podanych kryteriów
Rozkład punktacji
Procent ludzi z każdym wynikiem
Percentyl według liczby udzielonych odpowiedzi
Twoja historia wyników
Nie rozwiązałeś tego quizu